000 00653nam a2200229 a 4500
001 51693
003 BD-RjUL
005 20211209075711.0
008 1608 s1975 us a 001 0 eng d
020 _a0138446210
035 _a(BD-RjUL)51813
040 _aBD-RjUL
_beng
_cBD-RjUL
_dBD-RjUL
041 _aeng
082 _223
_a519.54
_bELS 1975
100 1 _aEllis, Richard B.
_9154542
245 1 0 _aStatistical inference :
_bbasic concepts /
_cRichard B. Ellis
260 _aEnglewood Cliffs, N.J :
_bPrentice-Hall,
_cc1975
300 _axiv, 258 p :
_bill. ;
_c24 cm
500 _aIncludes index
650 0 _aStatistics.
_9154543
942 _2ddc
_cBK
999 _c51693
_d51693